| 000 | 01169cam a22003015i 4500 | ||
|---|---|---|---|
| 003 | EG-ScBUE | ||
| 005 | 20230110110109.0 | ||
| 008 | 171126r20122005ii a f bd 000 0 eng d | ||
| 020 | _a9788123911922 | ||
| 020 | _a8123911920 | ||
| 040 |
_aEG-ScBUE _beng _erda _cEG-ScBUE _dEG-ScBUE |
||
| 082 | 0 | 4 |
_222 _a747 _bSEE |
| 100 | 1 |
_aSeetharaman, Premavathy, _eauthor. |
|
| 245 | 1 | 0 |
_aInterior design and decoration / _cPremavathy Seetharaman, reader, Department of Resource Management, Institute of Home Economics (University of Delhi), Parveen Pannu, Ph.D., reader, Department of Resource Management, Institute of Home Economics (University of Delhi) |
| 250 | _aReprint edition. | ||
| 264 | 1 |
_aNew Delhi : _bCBS Publishers & Distributors, _c2012. |
|
| 300 |
_a336 pages : _billustrations ; _c24 cm |
||
| 336 |
_2rdacontent _atext _btxt |
||
| 337 |
_2rdamedia _aunmediated _bn |
||
| 338 |
_2rdacarrier _avolume _bnc |
||
| 500 | _aIncludes glossary. | ||
| 504 | _aIncludes bibliographical references. | ||
| 650 | 7 |
_aInterior decoration. _2BUEsh _98 |
|
| 653 |
_bENGARC _cNovember2017 |
||
| 655 | _vReading book | ||
| 700 | 1 |
_aPannu, Parveen, _eauthor. |
|
| 942 |
_2ddc _cBB |
||
| 999 |
_c25659 _d25631 |
||